Enciclopedia estudiantil de las ciencias : biología, ecología, naturaleza /
Guardado en:
| Autor Principal: | |
|---|---|
| Formato: | Libro |
| Publicado: |
Buenos Aires :
Clasa
|
| Materias: | |
| Etiquetas: |
Agregar Etiqueta
Sin Etiquetas, Sea el primero en etiquetar este registro!
|
| LEADER | 00673nam a22002055a 4500 | ||
|---|---|---|---|
| 001 | CEM.cems012572 | ||
| 005 | 20070823190050.0 | ||
| 008 | 130507b######################000#0#####d | ||
| 003 | CEMS | ||
| 020 | |a 9507710027 | ||
| 082 | 0 | 4 | |a SG570 |
| 100 | 1 | |a Barone, Luis Roberto | |
| 245 | 1 | 0 | |a Enciclopedia estudiantil de las ciencias : |b biología, ecología, naturaleza / |c Dirección y Supervisión General Luis Roberto Barone |
| 260 | |a Buenos Aires : |b Clasa | ||
| 300 | |a 205 p. | ||
| 653 | |a Biblioteca maría de los angeles saggio | ||
| 653 | |a Biología | ||
| 653 | |a Ecología | ||
| 653 | |a Ciencias naturales | ||
| 859 | |a CEMS |b BIB. CEMS - 11 de abril |h SG570 |i En16 |p 23703.07 |t Ej.1 |v I |3 I | ||
